Pestalozzi: su vida y sus ideas

Saved in:
Bibliographic Details
Main Author: Natorp, Pablo (autor)
Format: Book
Language:Spanish
Published: Barcelona Labor 1931
Series:Colección Labor. Sección II. Educación, 277
Subjects:
Tags: Add Tag
No Tags, Be the first to tag this record!

MARC

LEADER 00000cam a2200000 a 4500
001 UCG9353
003 CL-VaPUC
008 120309e19310000SP |||||||||||||||||spa|d
082 0 4 |a 923.7  |b NAT  |2 21 
100 |a Natorp, Pablo  |e autor  |9 560873 
245 1 0 |a Pestalozzi: su vida y sus ideas 
300 |a 184 p 
942 |c BK 
945 |d 20120309 00:00:00  |a dcastane 
260 |a Barcelona  |b Labor  |c 1931 
600 0 7 |a PESTALOZZI, JUAN ENRIQUE 1746-1827  |2 CL-VaPUC  |9 560874 
650 0 |a Biografías  |9 255210 
650 7 |a PEDAGOGOS  |2 CL-VaPUC  |9 560875 
650 0 |a Educadores   |9 314091 
583 |a last modification  |c 20120309 14:21:00  |k Rodrigo Vera 
490 0 |a Colección Labor. Sección II. Educación, 277 
999 |c 346910  |d 346908 
952 |0 0  |1 0  |2 ddc  |4 0  |6 923_700000000000000_NAT_1931  |7 0  |8 A  |9 447860  |a BIBEDU  |b BIBEDU  |c GEN  |d 2019-11-22  |i 4837932  |l 1  |o 923.7 NAT 1931  |p 4837932  |r 2024-10-22  |s 2024-10-19  |w 2019-11-22  |y BK  |k BME